00248nam a2200097Ia 4500008004100000082002000041100002500061245001900086260003700105300000800142150731s2014 xx 000 0 und d a615.538bA 14 K aKUNTE ANNA MORESHRAR aASHTAD HARDYAM bCHAUKHAMBHA PUB. NEW DELHIc2014 a950